[Event "Aeroflot Open A"]
[Site "Moscow RUS"]
[Date "2011.02.16"]
[Round "9"]
[White "Zhou, Jianchao"]
[Black "Maletin, Pavel"]
[Result "1-0"]
[WhiteTitle "GM"]
[BlackTitle "GM"]
[WhiteElo "2655"]
[BlackElo "2621"]
[WhiteFideId "8603537"]
[BlackFideId "4146786"]
[EventDate "2011.02.08"]

1. d4 d5 2. c4 c6 3. Nf3 Nf6 4. Nc3 dxc4 5. a4 Bf5 6. Ne5 Nbd7 7. Nxc4 Qc7 8. g3
e5 9. dxe5 Nxe5 10. Bf4 Nfd7 11. Bg2 g5 12. Ne3 gxf4 13. Nxf5 O-O-O 14. Qc2 Nc5
15. O-O fxg3 16. hxg3 a5 17. Rfd1 h5 18. Rxd8+ Qxd8 19. Ne4 Nxe4 20. Qxe4 Qf6
21. Rd1 Bc5 22. Bh3 Kb8 23. Qh4 Qxh4 24. Nxh4 Kc7 25. Kf1 Rd8 26. Rxd8 Kxd8 27.
b3 Be7 28. Nf5 Bf6 29. Nd6 h4 30. gxh4 Bxh4 31. f4 Ng6 32. e3 b5 33. Nxf7+ Kc7
34. Ke2 Be7 35. f5 Nf8 36. e4 Nd7 37. e5 Nc5 38. f6 Bxf6 39. exf6 Ne4 40. Bg2
Nxf6 41. Ne5 bxa4 42. bxa4 Kd6 43. Nxc6 Kc5 44. Kd3 Nd7 45. Nxa5 Kb4 46. Nb7
Ne5+ 47. Kd4 Nc4 48. Bc6 Nd2 49. Nc5 Nb1 50. Nd3+ Ka5 51. Kc5 Nd2 52. Nb2 Nb3+
53. Kc4 Nc1 54. Bb5 1-0

[Event "Aeroflot Open A"]
[Site "Moscow RUS"]
[Date "2011.02.16"]
[Round "9"]
[White "Khalifman, Alexander"]
[Black "Bukavshin, Ivan"]
[Result "1-0"]
[WhiteTitle "GM"]
[BlackTitle "FM"]
[WhiteElo "2638"]
[BlackElo "2458"]
[WhiteFideId "4100115"]
[BlackFideId "4199758"]
[EventDate "2011.02.08"]

1. c4 Nf6 2. Nc3 d5 3. cxd5 Nxd5 4. g3 e5 5. Bg2 Nb6 6. Nf3 Nc6 7. O-O Be7 8.
Rb1 g5 9. b3 h5 10. d4 exd4 11. Nb5 Bf5 12. Bb2 Bxb1 13. Qxb1 Qd7 14. Nbxd4 Nxd4
15. Bxd4 O-O-O 16. Bxh8 Rxh8 17. Rd1 Qe6 18. e3 Bf6 19. Qc2 h4 20. Nd4 Bxd4 21.
Rxd4 hxg3 22. hxg3 c6 23. Qc5 Qg6 24. Bh3+ 1-0

[Event "Aeroflot Open A"]
[Site "Moscow RUS"]
[Date "2011.02.16"]
[Round "9"]
[White "Dubov, Daniil"]
[Black "Timofeev, Artyom"]
[Result "1/2-1/2"]
[WhiteTitle "IM"]
[BlackTitle "GM"]
[WhiteElo "2459"]
[BlackElo "2681"]
[WhiteFideId "24126055"]
[BlackFideId "4140419"]
[EventDate "2011.02.08"]

1. d4 d5 2. c4 dxc4 3. Nf3 Nf6 4. e3 e6 5. Bxc4 c5 6. O-O a6 7. dxc5 Bxc5 8.
Qxd8+ Kxd8 9. Be2 Ke7 10. Nbd2 Bd7 11. Rd1 Rc8 12. b3 Bb5 13. Nc4 Nc6 14. Bb2
Rd8 15. Ne1 Rxd1 16. Rxd1 Na5 17. Nd3 Nxc4 18. bxc4 Bxc4 19. Nxc5 Bxe2 20. Rd2
Rd8 21. Bd4 Bb5 22. Nxb7 Rd5 23. f3 e5 1/2-1/2

[Event "Aeroflot Open A"]
[Site "Moscow RUS"]
[Date "2011.02.16"]
[Round "9"]
[White "Bologan, Viktor"]
[Black "Kotsur, Pavel"]
[Result "1-0"]
[WhiteTitle "GM"]
[BlackTitle "GM"]
[WhiteElo "2693"]
[BlackElo "2559"]
[WhiteFideId "13900048"]
[BlackFideId "13700278"]
[EventDate "2011.02.08"]

1. e4 e6 2. d3 d5 3. Qe2 Nf6 4. Nf3 Be7 5. g3 c5 6. Bg2 Nc6 7. O-O b6 8. e5 Nd7
9. h4 Bb7 10. c3 Qc7 11. Re1 h6 12. Na3 a6 13. Nc2 b5 14. h5 O-O-O 15. a4 Na5
16. axb5 axb5 17. b4 Nb3 18. Rb1 Nxc1 19. Rexc1 c4 20. Ncd4 Qb6 21. Ra1 Nb8 22.
Ra5 Bc6 23. Rca1 Kd7 24. Qe3 Ke8 25. Ne1 Bd7 26. Nec2 f6 27. dxc4 fxe5 28. Qxe5
Bf6 29. Qe1 dxc4 30. Ra7 Kf7 31. Rb7 Qd6 32. Nxb5 Qe5 33. Ne3 Rhf8 34. Nxc4 Qxh5
35. Nbd6+ Kg8 36. Ra5 g5 37. Raa7 Bxc3 38. Qxc3 Qd1+ 39. Kh2 Qh5+ 40. Kg1 Qd1+
41. Bf1 Rxf2 42. Ne3 Qf3 43. Ne4 Rf8 44. Bg2 1-0

[Event "Aeroflot Open A"]
[Site "Moscow RUS"]
[Date "2011.02.16"]
[Round "9"]
[White "Riazantsev, Alexander"]
[Black "Hess, Robert L"]
[Result "1/2-1/2"]
[WhiteTitle "GM"]
[BlackTitle "GM"]
[WhiteElo "2689"]
[BlackElo "2572"]
[WhiteFideId "4125029"]
[BlackFideId "2022036"]
[EventDate "2011.02.08"]

1. d4 Nf6 2. c4 e6 3. Nf3 Bb4+ 4. Bd2 a5 5. Nc3 b6 6. e3 Bb7 7. Bd3 O-O 8. Qc2
d5 9. cxd5 exd5 10. O-O Nbd7 11. a3 Bxc3 12. Bxc3 Ba6 13. Bxa6 Rxa6 14. b4 Ne4
15. b5 Ra8 16. a4 Re8 17. Bb2 Re6 18. Ne5 Nxe5 19. dxe5 Rc8 20. f3 Nc5 21. Rad1
Qe7 22. Rxd5 c6 23. bxc6 Rexc6 24. Ba3 Qe8 25. Qd1 h6 26. f4 Ne4 27. Rd4 Rc4 28.
Bb2 Qc6 29. Qg4 Rc2 30. Ba1 h5 31. Qh3 Rc1 32. Rdd1 Rxd1 33. Rxd1 Qc2 34. Rf1
Qd2 35. Qf3 Nc3 36. h3 h4 37. Kh2 Qe2 38. Rc1 Qd2 39. Qb7 Rc5 40. Rxc3 Qe1 41.
Qa6 Rxc3 42. Bxc3 Qxc3 43. Qxb6 Qe1 44. Qd8+ Kh7 45. Qd3+ Kg8 46. Qd8+ Kh7 47.
Qg5 Qxe3 48. Qxh4+ Kg8 49. Qd8+ Kh7 50. Qh4+ Kg8 51. Qg5 Qd4 52. h4 Qxa4 53. h5
Qc6 54. Qd8+ Kh7 55. Qxa5 Qh6 56. Kg3 Qxh5 57. Qd5 Qg6+ 58. Kf3 Qh5+ 59. Ke3 Qh4
60. Qxf7 Qg3+ 61. Kd4 Qf2+ 62. Kc3 Qg3+ 63. Kc4 Qxg2 64. Qf5+ Kg8 65. Qe6+ Kh7
66. Qf5+ Kg8 67. Qd3 Qc6+ 68. Kd4 Qb6+ 69. Ke4 Qg6+ 70. f5 Qg2+ 71. Kd4 Qb2+ 72.
Kd5 Qb7+ 73. Ke6 Qc6+ 74. Ke7 Qb7+ 75. Qd7 Qb4+ 76. Qd6 Qb7+ 77. Qd7 Qb4+ 78.
Ke6 Qb8 79. Qc6 Qf8 80. Qd5 Qe8+ 81. Kd6+ Kf8 82. Qc6 Qe7+ 83. Kd5 Qf7+ 84. Ke4
Qa2 85. Qc8+ Ke7 86. Qc7+ Ke8 87. Qc6+ Kf8 88. Qc5+ Ke8 89. Qb5+ Kf8 90. e6 Qg2+
91. Ke5 Qh2+ 92. Kd5 Qd2+ 93. Kc6 Ke7 94. Qb7+ Kf6 95. Qf7+ Ke5 96. Qc7+ Kf6 97.
Qf7+ Ke5 98. Kb7 Qd5+ 99. Kc7 Qa5+ 100. Kc6 Qa6+ 101. Kc7 Qa7+ 102. Kc8 Qa8+
103. Kc7 Qa7+ 104. Kd8 Qb8+ 105. Kd7 Qb7+ 106. Kd8 Qb8+ 107. Kd7 Qb7+ 108. Kd8 1/2-1/2

[Event "Aeroflot Open A"]
[Site "Moscow RUS"]
[Date "2011.02.16"]
[Round "9"]
[White "Kurnosov, Igor"]
[Black "Fier, Alexandr"]
[Result "1/2-1/2"]
[WhiteTitle "GM"]
[BlackTitle "GM"]
[WhiteElo "2662"]
[BlackElo "2571"]
[WhiteFideId "4142527"]
[BlackFideId "2107139"]
[EventDate "2011.02.08"]

1. e4 c5 2. Nf3 e6 3. d4 cxd4 4. Nxd4 Nc6 5. Nc3 Qc7 6. f4 a6 7. Nxc6 Qxc6 8.
Bd3 b5 9. Qe2 Bb7 10. Bd2 Be7 11. a3 Rc8 12. O-O-O Nf6 13. g4 b4 14. axb4 Bxb4
15. g5 Bxc3 16. Bxc3 Nxe4 17. Bxg7 Rg8 18. Bd4 Nc5 19. Bxc5 Qxc5 20. Rhf1 h6 21.
h4 Bd5 22. Qe5 Bc4 23. Qxc5 Rxc5 24. Bxc4 Rxc4 25. Rd6 Ra4 26. Kb1 hxg5 27. hxg5
Ke7 28. Rb6 f6 29. gxf6+ Kxf6 30. f5 Ke7 31. Re1 a5 32. fxe6 Rb4 33. exd7+ Kxd7
34. Rd1+ Kc7 35. Rxb4 axb4 36. Rd4 b3 37. Rc4+ Kd6 38. cxb3 Kd5 39. Kc2 Rh8 40.
Kc3 Rg8 41. Kb4 Rb8+ 42. Ka3 Ra8+ 43. Ra4 Rh8 44. Ra6 Kc5 45. Ka4 Rb8 46. Ra5+
Kc6 47. b4 Rh8 48. Ra6+ Kb7 49. Rg6 Rh2 50. b3 Rh5 51. b5 Rh1 52. Kb4 Rc1 53.
Ra6 Rc2 54. Ra1 Kb6 55. Ka4 Rh2 56. Rc1 Ra2+ 57. Kb4 Rh2 58. Rc6+ Kb7 59. Rg6
Rc2 60. b6 Ka6 61. b7+ Kxb7 62. Kb5 Rc7 63. b4 Rh7 64. Ka5 Rf7 1/2-1/2

[Event "Aeroflot Open A"]
[Site "Moscow RUS"]
[Date "2011.02.16"]
[Round "9"]
[White "Shomoev, Anton"]
[Black "Khairullin, Ildar"]
[Result "1/2-1/2"]
[WhiteTitle "GM"]
[BlackTitle "GM"]
[WhiteElo "2557"]
[BlackElo "2640"]
[WhiteFideId "4135148"]
[BlackFideId "4151348"]
[EventDate "2011.02.08"]

1. d4 Nf6 2. c4 e6 3. Nc3 Bb4 4. Qc2 d5 5. cxd5 exd5 6. Bf4 c5 7. dxc5 Qa5 8. e3
Nc6 9. Ne2 Bxc5 10. Rd1 O-O 11. a3 Re8 12. Qa4 Qb6 13. Nb5 a6 14. Nc7 Qxb2 15.
Rd2 Qa1+ 16. Rd1 Qb2 17. Rd2 Qa1+ 18. Rd1 1/2-1/2

[Event "Aeroflot Open A"]
[Site "Moscow RUS"]
[Date "2011.02.16"]
[Round "9"]
[White "Predojevic, Borki"]
[Black "Felgaer, Ruben"]
[Result "1/2-1/2"]
[WhiteTitle "GM"]
[BlackTitle "GM"]
[WhiteElo "2626"]
[BlackElo "2585"]
[WhiteFideId "930849"]
[BlackFideId "107069"]
[EventDate "2011.02.08"]

1. d4 d5 2. c4 c6 3. Nf3 Nf6 4. Qb3 dxc4 5. Qxc4 Bf5 6. g3 e6 7. Bg2 Nbd7 8. O-O
Be7 9. e3 O-O 10. Rd1 h6 11. Qe2 Qc7 12. Nc3 e5 13. h3 Rad8 14. e4 Bh7 15. dxe5
Nxe5 16. Bf4 Nxf3+ 17. Bxf3 Qa5 18. e5 Nd5 19. Nxd5 cxd5 20. e6 d4 21. Rac1 d3
22. exf7+ Rxf7 23. Qe6 Bf5 24. Qb3 Bc5 25. Kh2 Bb6 26. Bh5 Be6 27. Qxe6 Qxh5 28.
Bc7 Qd5 29. Qxd5 Rxd5 30. Bxb6 axb6 31. Rd2 Re7 32. Kg2 Kf7 33. Rc3 Red7 34. Kf3
R5d6 35. Rc4 h5 36. h4 g6 37. Ke3 Kf6 38. Rf4+ Kg7 39. Rb4 Kf6 40. a3 Rd8 41.
Rf4+ Kg7 42. Kf3 Rc8 43. Re4 Kf6 44. Ke3 Rcd8 45. a4 R8d7 46. Rf4+ Kg7 47. Re4
Kf6 48. Rf4+ Kg7 49. Re4 1/2-1/2

[Event "Aeroflot Open A"]
[Site "Moscow RUS"]
[Date "2011.02.16"]
[Round "9"]
[White "Ragger, Markus"]
[Black "Grigoryan, Avetik"]
[Result "1/2-1/2"]
[WhiteTitle "GM"]
[BlackTitle "GM"]
[WhiteElo "2615"]
[BlackElo "2595"]
[WhiteFideId "1610856"]
[BlackFideId "13302191"]
[EventDate "2011.02.08"]

1. Nf3 d5 2. d4 Nf6 3. c4 c6 4. e3 Bg4 5. Qb3 Qb6 6. Nc3 e6 7. Nh4 Be7 8. h3 Bh5
9. g4 Bg6 10. Nxg6 hxg6 11. Bg2 g5 12. Bd2 Na6 13. Qxb6 axb6 14. cxd5 Nxd5 15.
Ke2 Nac7 16. Rhd1 Nxc3+ 17. Bxc3 Nd5 18. Bd2 Ra4 19. e4 Nf4+ 20. Bxf4 gxf4 21.
Rd2 Bd6 22. d5 cxd5 23. exd5 e5 24. b3 Ra3 25. Rh1 g6 26. Be4 Rh4 27. g5 Ke7 28.
Bf3 Rh8 29. Be4 Kd7 30. h4 Bb4 31. Rb2 Kd6 32. Kf3 Raa8 33. Rc2 Rh5 34. Kg4 1/2-1/2

[Event "Aeroflot Open A"]
[Site "Moscow RUS"]
[Date "2011.02.16"]
[Round "9"]
[White "Korobov, Anton"]
[Black "Oleksienko, Mikhailo"]
[Result "0-1"]
[WhiteTitle "GM"]
[BlackTitle "GM"]
[WhiteElo "2670"]
[BlackElo "2552"]
[WhiteFideId "14105730"]
[BlackFideId "4152417"]
[EventDate "2011.02.08"]

1. d4 d5 2. c4 c6 3. Nc3 Nf6 4. Nf3 dxc4 5. a4 Bf5 6. Ne5 Nbd7 7. Nxc4 Nb6 8.
Ne5 a5 9. g3 Nfd7 10. Nf3 e5 11. Bg2 exd4 12. Nxd4 Bg6 13. O-O Bc5 14. e4 O-O
15. Nb3 Bb4 16. Qc2 Qe7 17. Bf4 Rfe8 18. Rfe1 Rad8 19. Rad1 Bh5 20. f3 Ne5 21.
g4 Bg6 22. Rf1 Rxd1 23. Rxd1 Qf6 24. Qc1 h6 25. Nd4 Rd8 26. g5 Qe7 27. gxh6 Nbc4
28. Nce2 c5 29. Nb5 Rxd1+ 30. Qxd1 Nxb2 31. Qd5 Nbd3 32. Bg3 c4 33. Kh1 gxh6 34.
f4 Ng4 35. f5 Ne3 36. Qd4 Bc5 37. f6 Qe8 0-1

[Event "Aeroflot Open A"]
[Site "Moscow RUS"]
[Date "2011.02.16"]
[Round "9"]
[White "Jumabayev, Rinat"]
[Black "Savchenko, Boris"]
[Result "1-0"]
[WhiteTitle "GM"]
[BlackTitle "GM"]
[WhiteElo "2555"]
[BlackElo "2637"]
[WhiteFideId "13702661"]
[BlackFideId "4147332"]
[EventDate "2011.02.08"]

1. Nf3 d6 2. d4 g6 3. c4 Bg7 4. Nc3 Nf6 5. g3 O-O 6. Bg2 Nc6 7. O-O a6 8. b3 Rb8
9. Nd5 Nxd5 10. cxd5 Nb4 11. e4 e6 12. dxe6 fxe6 13. Bg5 Qd7 14. Be3 a5 15. Qd2
b6 16. a3 Na6 17. Bh6 Bb7 18. Rfe1 Rbd8 19. Rad1 c5 20. Bxg7 Qxg7 21. Ng5 Qe7
22. f4 e5 23. fxe5 dxe5 24. d5 Rd6 25. Rf1 Nb8 26. Rxf8+ Qxf8 27. Bh3 Rf6 28. d6
Nc6 29. Qd5+ Kh8 30. d7 Nd8 31. Qxe5 Kg8 32. Rf1 1-0

[Event "Aeroflot Open A"]
[Site "Moscow RUS"]
[Date "2011.02.16"]
[Round "9"]
[White "Fedoseev, Vladimir3"]
[Black "Edouard, Romain"]
[Result "1-0"]
[WhiteTitle "IM"]
[BlackTitle "GM"]
[WhiteElo "2505"]
[BlackElo "2634"]
[WhiteFideId "24130737"]
[BlackFideId "633429"]
[EventDate "2011.02.08"]

1. d4 Nf6 2. Nf3 g6 3. g3 Bg7 4. Bg2 O-O 5. O-O c5 6. dxc5 Qc7 7. b4 a5 8. Bf4
Qd8 9. b5 Ne4 10. Qd5 Bxa1 11. Qxe4 Bg7 12. Rd1 d6 13. cxd6 exd6 14. Bxd6 Re8
15. Qf4 Nd7 16. Ng5 Qf6 17. Bd5 Ne5 18. Nc3 Qxf4 19. gxf4 h6 20. Nge4 Ng4 21.
Bc7 Bxc3 22. Nxc3 Nf6 23. Be5 Nxd5 24. Nxd5 Be6 25. Nf6+ Kf8 26. Nxe8 Kxe8 27.
a4 Rd8 28. Rd3 Rxd3 29. exd3 Bg4 30. Kf1 Bd1 31. c4 Bxa4 32. Bc3 Bc2 33. Ke2 a4
34. Kd2 Bb1 35. Bb4 Kd7 36. Kc3 h5 37. d4 Be4 38. Bc5 Bf3 39. d5 Be2 40. Kd4 Kc7
41. Kc3 Kc8 42. Ba3 Kc7 43. Kb4 Bd1 44. c5 Bb3 45. d6+ Kd7 46. Ka5 Bc2 47. Kb6
Be4 48. f5 Bf3 49. fxg6 fxg6 50. h4 Be4 51. f4 Bf3 52. Ka5 Bd1 53. c6+ bxc6 54.
b6 Kc8 55. Ka6 1-0

[Event "Aeroflot Open A"]
[Site "Moscow RUS"]
[Date "2011.02.16"]
[Round "9"]
[White "Iturrizaga, Eduardo"]
[Black "Papin, Vasily"]
[Result "1/2-1/2"]
[WhiteTitle "GM"]
[BlackTitle "IM"]
[WhiteElo "2611"]
[BlackElo "2568"]
[WhiteFideId "3901211"]
[BlackFideId "4143183"]
[EventDate "2011.02.08"]

1. c4 e6 2. Nf3 d5 3. d4 Nf6 4. g3 Bb4+ 5. Bd2 Be7 6. Bg2 c6 7. Qc2 O-O 8. O-O
b6 9. Bf4 Ba6 10. Ne5 Nfd7 11. Nxd7 Nxd7 12. Nd2 Rc8 13. e4 b5 14. c5 Re8 15. b4
Nf8 16. Nb3 Qd7 17. e5 Ng6 18. Bd2 f5 19. exf6 Bxf6 20. f4 Rb8 21. Rae1 Bc8 22.
Bf3 Nf8 23. g4 Qf7 24. g5 Bd8 25. h4 Ng6 26. Bh5 Bd7 27. f5 exf5 28. Rxe8+ Bxe8
29. Bf4 Rc8 30. Re1 Qd7 31. Nc1 Bc7 32. Bxg6 Bxg6 33. Nd3 Bxf4 34. Nxf4 Re8 35.
Re5 Rxe5 36. dxe5 Bf7 37. Qb3 Kf8 38. Kg2 Ke7 39. Qg3 d4 40. h5 d3 41. Qxd3 1/2-1/2

[Event "Aeroflot Open A"]
[Site "Moscow RUS"]
[Date "2011.02.16"]
[Round "9"]
[White "Zhao, Jun"]
[Black "Alsina Leal, Daniel"]
[Result "1/2-1/2"]
[WhiteTitle "GM"]
[BlackTitle "GM"]
[WhiteElo "2599"]
[BlackElo "2531"]
[WhiteFideId "8602522"]
[BlackFideId "2252627"]
[EventDate "2011.02.08"]

1. e4 c5 2. Nf3 Nc6 3. Nc3 Nf6 4. Bb5 g6 5. e5 Ng4 6. Bxc6 dxc6 7. h3 Nh6 8. g4
Bg7 9. d3 O-O 10. Bf4 f6 11. Qe2 Nf7 12. O-O-O fxe5 13. Bg3 Be6 14. Nxe5 Bd5 15.
Nxd5 Qxd5 16. c4 Qe6 17. Rhe1 Nxe5 18. Bxe5 Qxe5 19. Qxe5 Bxe5 20. Rxe5 Rxf2 21.
Rxe7 1/2-1/2

[Event "Aeroflot Open A"]
[Site "Moscow RUS"]
[Date "2011.02.16"]
[Round "9"]
[White "Bluvshtein, Mark"]
[Black "Sethuraman, S.P."]
[Result "1-0"]
[WhiteTitle "GM"]
[BlackTitle "IM"]
[WhiteElo "2590"]
[BlackElo "2545"]
[WhiteFideId "2603608"]
[BlackFideId "5021596"]
[EventDate "2011.02.08"]

1. d4 d5 2. c4 c6 3. Nf3 Nf6 4. Nc3 e6 5. e3 Nbd7 6. Qc2 Bd6 7. Bd3 O-O 8. O-O
dxc4 9. Bxc4 b5 10. Bd3 Bb7 11. Ng5 h6 12. Nge4 Nxe4 13. Nxe4 Be7 14. a3 a5 15.
Rb1 c5 16. dxc5 f5 17. Ng3 b4 18. axb4 axb4 19. c6 Rc8 20. Nxf5 Rxf5 21. Bc4
Rxc6 22. Qxf5 Qb6 23. Qb5 Qc7 24. b3 Ne5 25. Bb2 Nxc4 26. bxc4 Ba6 27. Qe5 Qxe5
28. Bxe5 Bxc4 29. Rfc1 Kf7 30. Rb2 Ra6 31. Rbc2 Bd5 32. f3 b3 33. Rc7 Ke8 34. e4
Bd6 35. exd5 Bxe5 36. Rb7 1-0

[Event "Aeroflot Open A"]
[Site "Moscow RUS"]
[Date "2011.02.16"]
[Round "9"]
[White "Hammer, Jon Ludvig"]
[Black "Zhigalko, Andrey"]
[Result "1-0"]
[WhiteTitle "GM"]
[BlackTitle "GM"]
[WhiteElo "2647"]
[BlackElo "2566"]
[WhiteFideId "1503707"]
[BlackFideId "13502247"]
[EventDate "2011.02.08"]

1. d4 Nf6 2. c4 g6 3. Nc3 Bg7 4. e4 d6 5. Nf3 O-O 6. Be2 e5 7. O-O Na6 8. Re1 c6
9. Be3 exd4 10. Nxd4 Re8 11. f3 Nc5 12. Qd2 a5 13. Rad1 Nfd7 14. b3 Nf8 15. Bf1
Bd7 16. g3 b6 17. Nde2 Nb7 18. Na4 Ra6 19. Nec3 Re6 20. f4 Nc5 21. Bh3 Nxa4 22.
Nxa4 f5 23. exf5 gxf5 24. Qd3 b5 25. Nc3 b4 26. Na4 c5 27. Bxf5 Qa8 28. Bf2
Rxe1+ 29. Rxe1 Bxf5 30. Qxf5 Qb7 31. Re8 Ra7 32. Qe6+ Qf7 33. f5 Qxe6 34. fxe6
Bf6 35. Nxc5 Re7 36. Nd7 1-0

[Event "Aeroflot Open A"]
[Site "Moscow RUS"]
[Date "2011.02.16"]
[Round "9"]
[White "Mekhitarian, Krikor Sevag"]
[Black "Mareco, Sandro"]
[Result "1/2-1/2"]
[WhiteTitle "GM"]
[BlackTitle "GM"]
[WhiteElo "2528"]
[BlackElo "2627"]
[WhiteFideId "2107660"]
[BlackFideId "112275"]
[EventDate "2011.02.08"]

1. d4 Nf6 2. c4 e6 3. Nc3 Bb4 4. Qc2 O-O 5. e4 d6 6. a3 Bxc3+ 7. bxc3 c5 8. e5
Ne8 9. Bd3 cxd4 10. cxd4 dxe5 11. dxe5 Qa5+ 12. Kf1 Qxe5 13. Bxh7+ Kh8 14. Bb2
Qc5 15. Nf3 Nc6 16. Re1 Nd6 17. Kg1 Nf5 18. Bxf5 exf5 19. h4 f6 20. Ng5 Kg8 21.
Qd1 Qa5 22. Kf1 f4 23. Qd5+ Qxd5 24. cxd5 fxg5 25. hxg5 Rd8 26. dxc6 bxc6 27.
Rh4 Ba6+ 28. Kg1 Rd5 29. Rxf4 Rxg5 30. Re7 Rb8 31. Rxa7 Bd3 32. Rb4 Rxb4 33.
axb4 Be4 34. f3 Bxf3 1/2-1/2

[Event "Aeroflot Open A"]
[Site "Moscow RUS"]
[Date "2011.02.16"]
[Round "9"]
[White "Xiu, Deshun"]
[Black "Mamedov, Nidjat"]
[Result "1/2-1/2"]
[BlackTitle "GM"]
[WhiteElo "2508"]
[BlackElo "2580"]
[WhiteFideId "8603693"]
[BlackFideId "13400819"]
[EventDate "2011.02.08"]

1. d4 Nf6 2. c4 g6 3. Nc3 Bg7 4. e4 d6 5. f3 a6 6. Be3 c6 7. a4 a5 8. Bd3 O-O 9.
Qd2 e5 10. Nge2 Na6 11. Rd1 Qc7 12. O-O Bd7 13. Bb1 Rad8 14. h3 exd4 15. Nxd4
Nc5 16. Qf2 Rfe8 17. Rd2 Bc8 18. Rfd1 Qe7 19. Bc2 Nfd7 20. Nde2 Ne5 21. b3 f5
22. Bd4 Nf7 23. Bxg7 Kxg7 24. exf5 Bxf5 25. Bxf5 gxf5 26. Nd4 Qf6 27. Qg3+ Kh8
28. Qf4 Nxb3 29. Nxb3 Qxc3 30. Qxf5 Rf8 31. Qc2 Qg7 32. Kh1 Ra8 33. Nd4 Qf6 34.
Nf5 Rad8 35. Qb2 Qxb2 36. Rxb2 Ne5 37. Rxd6 Rde8 38. Ne3 Nxf3 39. Rb3 Ng5 40.
Rd7 Rf7 41. Rxf7 Nxf7 42. Nf5 Nd8 43. g4 h5 44. Rd3 hxg4 45. hxg4 Re1+ 46. Kh2
Ne6 47. Rd7 Re4 48. Kg3 Rxc4 49. Re7 Nf4 50. Rxb7 Ng6 51. Rb8+ Kh7 52. Rb7+ Kh8 1/2-1/2

[Event "Aeroflot Open A"]
[Site "Moscow RUS"]
[Date "2011.02.16"]
[Round "9"]
[White "Ju, Wenjun"]
[Black "Zhou, Weiqi"]
[Result "1-0"]
[WhiteTitle "WGM"]
[BlackTitle "GM"]
[WhiteElo "2514"]
[BlackElo "2573"]
[WhiteFideId "8603006"]
[BlackFideId "8601674"]
[EventDate "2011.02.08"]

1. d4 Nf6 2. c4 e6 3. Nc3 Bb4 4. f3 c5 5. d5 b5 6. e4 bxc4 7. Bxc4 Nxd5 8. Bxd5
exd5 9. Qxd5 Nc6 10. Ne2 Ba6 11. Kf2 O-O 12. Rd1 Ba5 13. Bg5 Qb6 14. Rab1 Rfe8
15. Be3 Nb4 16. Qd6 f5 17. a3 Bxe2 18. Nxe2 Qxd6 19. Rxd6 Nc2 20. Bxc5 Rac8 21.
Bxa7 fxe4 22. Rxd7 Bd8 23. Rc1 Bh4+ 24. g3 Bg5 25. f4 Bf6 26. Rd2 e3+ 27. Bxe3
Nxe3 28. Rxc8 Ng4+ 29. Kf3 Nxh2+ 30. Kg2 Rxc8 31. Kxh2 g5 32. Kg2 gxf4 33. Nxf4
Rc1 34. b4 Ra1 35. Rd3 Bb2 36. b5 Rxa3 37. Rxa3 Bxa3 38. b6 Kf7 39. b7 Bd6 40.
Nd3 Ke6 41. Nc5+ Kf5 42. Kh3 1-0

[Event "Aeroflot Open A"]
[Site "Moscow RUS"]
[Date "2011.02.16"]
[Round "9"]
[White "Novikov, Stanislav"]
[Black "El Debs, Felipe de Cresce"]
[Result "1-0"]
[WhiteTitle "GM"]
[BlackTitle "GM"]
[WhiteElo "2568"]
[BlackElo "2499"]
[WhiteFideId "4125371"]
[BlackFideId "2106981"]
[EventDate "2011.02.08"]

1. e4 c6 2. d3 d5 3. Nd2 e5 4. Ngf3 Bd6 5. d4 exd4 6. exd5 Nf6 7. dxc6 Nxc6 8.
Be2 O-O 9. O-O Bc7 10. Nb3 Bb6 11. Bg5 Qd6 12. Bh4 Bf5 13. Nbd2 Bc5 14. a3 a6
15. Bd3 Bg4 16. h3 Bh5 17. Bxf6 Qxf6 18. Ne4 Qe7 19. Re1 Bg6 20. b4 Bb6 21. Nc5
Qc7 22. Bxg6 hxg6 23. Nb3 Rac8 24. Qd3 Rfe8 25. Rxe8+ Rxe8 26. Re1 Rxe1+ 27.
Nxe1 Qe5 28. Nf3 Qe6 29. Kf1 Qf6 30. Qe4 Kf8 31. Qd5 Ke8 32. Nbd2 Ke7 33. b5
axb5 34. Qxb5 Nd8 35. Nc4 Ba7 36. Nfe5 Qe6 37. Qb4+ Kf6 38. Ng4+ Kg5 39. Qa5+
Kf4 40. g3+ 1-0

[Event "Aeroflot Open A"]
[Site "Moscow RUS"]
[Date "2011.02.16"]
[Round "9"]
[White "Roussel-Roozmon, Thomas"]
[Black "Vocaturo, Daniele"]
[Result "0-1"]
[WhiteTitle "GM"]
[BlackTitle "GM"]
[WhiteElo "2500"]
[BlackElo "2570"]
[WhiteFideId "2603659"]
[BlackFideId "813192"]
[EventDate "2011.02.08"]

1. c4 c5 2. g3 g6 3. Bg2 Bg7 4. Nc3 d6 5. Nf3 Nc6 6. O-O Qd7 7. e3 Bxc3 8. bxc3
b6 9. e4 Bb7 10. d3 O-O-O 11. Ng5 e6 12. f4 h6 13. Nf3 f5 14. Qe2 Nf6 15. e5 Ne8
16. exd6 Nxd6 17. Be3 Ba6 18. Rfd1 Qc7 19. a4 Rhg8 20. a5 Nxa5 21. Rxa5 bxa5 22.
Rb1 Nb7 23. Ne5 Rd6 24. Qf3 Rb6 25. Ra1 Rd8 26. d4 Rb2 27. Ra4 Rb1+ 28. Kf2 cxd4
29. cxd4 Nd6 30. Qa8+ Rb8 31. Qc6 Rb2+ 32. Kg1 Qxc6 33. Bxc6 Bb7 34. c5 Ne4 35.
Rxa5 Re2 36. Bxb7+ Kxb7 37. Ra3 Nxc5 38. Kf1 Rc2 39. Nxg6 Ne4 40. Ne5 Rd5 0-1

[Event "Aeroflot Open A"]
[Site "Moscow RUS"]
[Date "2011.02.16"]
[Round "9"]
[White "Khader, Sami"]
[Black "Huschenbeth, Niclas"]
[Result "1/2-1/2"]
[WhiteTitle "IM"]
[BlackTitle "IM"]
[WhiteElo "2450"]
[BlackElo "2450"]
[WhiteFideId "8100500"]
[BlackFideId "24604747"]
[EventDate "2011.02.08"]

1. d4 d5 2. c4 dxc4 3. e4 Nc6 4. Nf3 Bg4 5. d5 Ne5 6. Bf4 Ng6 7. Be3 b5 8. b3 e6
9. bxc4 Nf6 10. Qb3 Nxe4 11. h3 Bxf3 12. gxf3 Nf6 13. dxe6 fxe6 14. c5 Qd5 15.
Bxb5+ Kf7 16. Bc4 Qe5 17. Rg1 Be7 18. Qc3 Rab8 19. Qxe5 Nxe5 20. Nd2 Rhd8 21. f4
Nxc4 22. Nxc4 Nd7 23. Rc1 Rb5 24. c6 Nb6 25. Ne5+ Kg8 26. Ke2 Bf6 27. Bxb6 axb6
28. Nd7 Rb2+ 29. Kf3 Be7 30. Rge1 Ra8 31. Rxe6 Bh4 32. Rce1 Rbxa2 33. Nxb6 Rf8
34. Nd5 Rxf2+ 35. Kg4 Bd8 36. R6e2 Rxe2 37. Rxe2 g6 38. Re5 Kf7 39. Kf3 Bf6 40.
Re3 Rd8 41. Nxc7 Rc8 42. Nd5 1/2-1/2